Statistics for Books by Letter F

Click here to take the quiz!

General Stats

  • This quiz has been taken 38 times
  • The average score is 6 of 14

Answer Stats

HintBook% Correct
Victor Frankenstein, a young scientist who creates a hideous sapient creature in an unorthodox scientific experimentFrankenstein
100%
Novel series that follows the deepening relationship between a college graduate, Anastasia Steele, and a young business magnate, Christian Grey.Fifty Shades of Grey
97%
Algernon is a laboratory mouse who has undergone surgery to increase his intelligence.Flowers for Algernon
68%
Guy Montag, is a fireman who becomes disillusioned with his role of censoring literature and destroying knowledge.Fahrenheit 451
62%
J. K. Rowling (under the pen name of the fictitious author Newt Scamander) about the magical creatures in the Harry Potter universe.Fantastic Beasts and Where to Find Them
62%
The story is narrated by Hazel Grace Lancaster, a 16-year-old girl with thyroid cancer that has affected her lungs.The Fault in Our Stars
59%
The novels feature the adventures of a group of young children – Julian, Dick, Anne and Georgina (George) – and their dog Timmy.The Famous Five
44%
Thomas Hardy's fourth novel and his first major literary success.Far From the Madding Crowd
41%
Inspired by his doctor's exasperated remark that insomnia is not suffering, the protagonist finds relief by impersonating a seriously ill person in several support groups.Fight Club
26%
The story centres on a plot by SMERSH, the Soviet counter-intelligence agency, to assassinate Bond in such a way as to discredit both him and his organisation.From Russia, With Love
21%
A children's novel by English author E. Nesbit.Five Children and It
15%
Robert Jordan, a young American volunteer attached to a Republican guerrilla unit during the Spanish Civil War.For Whom The Bell Tolls
15%
The collection by Ian Flemming contains five short stories.For Your Eyes Only
9%
Deep in the woods, The Bad Thing and his Master are ready to break free of the centuries-old compact made to keep the Faerie world and the Human world at peace.Faerie Tale
0%

Score Distribution

Percentile by Number Answered

Percent of People with Each Score

Your Score History

You have not taken this quiz